[Event "GER-ch U12"]
[Site "Willingen"]
[Date "2023.06.03"]
[Round "9"]
[White "Schroeder, Hannes Artur"]
[Black "Gavrylyuk, Oleksandr"]
[Result "1/2-1/2"]
[WhiteElo "1343"]
[BlackElo "1226"]
[PlyCount "43"]
[EventDate "2023.05.27"]
[EventType "swiss"]
[EventRounds "9"]
[EventCountry "GER"]
[SourceTitle "CBM 214 Extra"]
[Source "ChessBase"]
[SourceDate "2023.07.31"]
[SourceVersion "1"]
[SourceVersionDate "2023.07.31"]
[SourceQuality "1"]

1. e4 c5 2. Nf3 d6 3. d4 cxd4 4. Nxd4 Nf6 5. Nc3 a6 6. f3 e5 7. Nb3 Be6 8. Bg5 Be7 9. Be2 0-0 10. 0-0 Qc7 11. Qd2 Nbd7 12. Rfd1 Rad8 13. Rac1 h6 14. Be3 Nb6 15. Bxb6 Qxb6+ 16. Kh1 Nh5 17. Bf1 Bg5 18. Qe1 Bxc1 19. Rxc1 Nf6 20. Bd3 Ne8 21. Qe2 Nc7 22. Rd1 1/2-1/2